| 000 | 00757nam a22002177a 4500 | ||
|---|---|---|---|
| 003 | JO-AjAnu | ||
| 005 | 20251021142030.0 | ||
| 008 | 251014b jo ||||| |||| 00| 0 ara d | ||
| 020 | _a978-9957-94-889-4 | ||
| 022 | _a5095/10/2022 | ||
| 040 |
_aANU _cJO-AjAnu |
||
| 041 | _hARA | ||
| 100 |
_aالكيالي، ماهر _966832 |
||
| 245 |
_aقدري طوقان : مختارات من إنتاجه الفكري _c / اختارها وقدمها ماهر الكيالي |
||
| 260 |
_aعمان : _bوزارة الثقافة، _c2022 |
||
| 300 | _a427 صفحة | ||
| 490 | _aالقراءة للجميع؛ 16 | ||
| 648 | _vالعلماء العرب-العلوم-الحضارة العربية | ||
| 700 | _dالكيالي، ماهر | ||
| 942 |
_2lcc _cBK _n0 |
||
| 999 |
_c34087 _d34087 |
||